Promoting cleaner and safer industrial production in Central and Eastern Europe
Αποθηκεύτηκε σε:
| Συγγραφή απο Οργανισμό/Αρχή: | |
|---|---|
| Μορφή: | Βιβλίο |
| Γλώσσα: | English |
| Δημοσίευση: |
Paris :
Organisation for Economic Co-operation and Development,
c1995
|
| Σειρά: | OECD documents
|
| Θέματα: | |
| Ετικέτες: |
Προσθήκη ετικέτας
Δεν υπάρχουν, Καταχωρήστε ετικέτα πρώτοι!
|
MARC
| LEADER | 00000cam a2200000 i 4500 | ||
|---|---|---|---|
| 001 | 1/15168 | ||
| 008 | 960318s1995 i eng d | ||
| 020 | |a 92-64-14589-3 | ||
| 035 | |l 10065289 | ||
| 040 | |a GR-MY-UA |b gre |e aacr | ||
| 041 | 0 | |a eng | |
| 082 | 0 | |a 338.094 | |
| 245 | 1 | 0 | |a Promoting cleaner and safer industrial production in Central and Eastern Europe / |c Centre for Co-operation with the Economies in Transition |
| 260 | |a Paris : |b Organisation for Economic Co-operation and Development, |c c1995 | ||
| 300 | |a 144 p.; |c 27 cm | ||
| 490 | 1 | |a OECD documents | |
| 500 | |a Papers presented at a seminar on "Auditing to Improve Safety, Environmental Performance and Economic efficiency" held in Kiev, in October 1993 | ||
| 650 | 0 | 0 | |a Industries |x Environmental aspects |z Europe, Eastern |x Congresses. |
| 650 | 0 | 0 | |a Industrial efficiency |z Europe, Eastern |x Congresses. |
| 650 | 0 | 0 | |a Chemical industry |x Environmental aspects |z Ukraine |x Congresses. |
| 650 | 0 | 0 | |a Environmental auditing |z Europe, Eastern |x Congresses. |
| 710 | 2 | |a Organisation for Economic Co-operation and Development. | |
| 830 | 0 | |a OECD documents | |
| 852 | |a INST |b LESVOS |e 19960318 |h 338.094 PRO |p 005100006810 |q 005100006810 |t BK |y 0 | ||
| 852 | |a INST |b LESVOS |e 20010110 |h 338.094 PRO |p 005100028912 |q 005100028912 |t BK |y 0 | ||
| 909 | |a Λ |b 043162 | ||
| 909 | |a Λ |b 084228 | ||
| 922 | |a 1ΕΛΗ |b 200012 |c ΤΑΚ/ΤΓ |d ΜΙΧΑΛΟΠΟΥΛΟΣ | ||
| 950 | |a 118-1999-09-20 | ||
| 970 | |a ΚΑΜΑΤΣΟΥ |b ΔΕΣΠΟΙΝΑ |z 19990702 | ||